| 000 | 00714nam a2200229 a 4500 | ||
|---|---|---|---|
| 005 | 20221022063454.0 | ||
| 008 | 150622s2014 mx r 000 0 spa d | ||
| 020 | _a9786079294564 | ||
| 035 | _aUPN01000204413 | ||
| 049 | _aCG | ||
| 050 | 4 |
_aHN113.5 _bP4.2 |
|
| 100 | 1 |
_aPensado Leglise, Patricia _937607 |
|
| 245 | 1 | 0 |
_aAdolfo Sánchez Rebolledo : _bun militante socialista / _cPatricia Pensado Leglise. |
| 260 |
_aMéxico : _bInstituto Mora : _bCONACYT, _cc2014. |
||
| 300 |
_a165 p. : _bil. |
||
| 440 | 0 | _aTestimonios | |
| 651 | 7 |
_aMéxico _xCondiciones sociales _y1970- _2 _97494 |
|
| 600 | 1 | 4 |
_aSANCHEZ REBOLLEDO, ADOLFO _923950 |
| 650 | 4 |
_aCOMUNISMO - _zMEXICO _910280 |
|
| 905 | _aLibro | ||
| 999 |
_c176514 _d176514 |
||